Estatísticas para Cultura Geral

Clique aqui para jogar o quiz

Estatísticas Gerais

  • Esse quiz foi jogado 4 vezes
  • A pontuação média é 3 de 15

Estatísticas das Respostas

HintResposta% Correto
Qual é a sexta letra do alfabeto latino básico?F
100%
Que nome damos ao profissional da saúde que atua na farmácia?Farmacêutico
50%
Que ramo da genética estuda a estrutura e função da célula, especialmente os cromossomas?Citogenética
25%
Que nome damos a um objeto sólido tridimensional delimitado por seis faces quadradas?Cubo
25%
Que nome damos a uma coletânea de textos bastante numerosos, cujo objetivo principal é descrever o melhor possível o estado atual do conhecimento humano?Enciclopédia
25%
Que nome damos a uma data em que determinada ocasião é comemorada por uma nação, comunidade, religião, grupo étnico ou classe trabalhista?Feriado
25%
Que nome damos á menor unidade sonora das palavras numa língua?Fonema
25%
Que nome damos á aplicação de melhores soluções que atendam a novos requisitos, necessidades inarticuladas ou necessidades de mercado existentes?Inovação
25%
Que nome damos á distância do centro a um ponto qualquer da circunferência?Raio
25%
Que nome damos a uma pequena esfera usada em jogos infantis?Berlinde
0%
Que campo interdisciplinar corresponde à aplicação das técnicas da informática, no sentido de análise da informação, nas áreas de estudo da biologia?Bioinformática
0%
Que nome damos á ação de brincar, de entreter, de distrair?Brincadeira
0%
Que ciência estuda as plantas medicinais e suas aplicações na cura das doenças?Fitoterapia
0%
Que nome damos ao estudo do humor e seus efeitos no corpo humano?Gelotologia
0%
Que nome damos ao estudo científico do soro sanguíneo?Sorologia
0%

Distribuição das Pontuações

Percentil de Números Respondidos

Porcentagem de Pessoas com Cada Pontuação

Sua Pontuação Histórica

Você não jogou esse quiz